Návrh organizačních forem průmyslu řízeného krajskými a okresními národními výbory realizační výstup č. 1. SPEV 902 311 301/02

Salvato in:
Dettagli Bibliografici
Autore principale: Vavříková, Jindra
Altri autori: Chrbjat, Květoslav, Gregor, Radúz
Natura: Libro
Lingua:ceco
Pubblicazione: Ostrava Výzkumný ústav rozv. obl. a měst 1986
Edizione:1. vyd.
Serie:Zdokonalování řízení oblastí v ČSR
Tags: Aggiungi Tag
Nessun Tag, puoi essere il primo ad aggiungerne!!

MARC

LEADER 00000nam a2200000 4500
001 c035896
005 20221220072134.9
041 0 |a cze 
044 |a CZ 
245 1 0 |a Návrh organizačních forem průmyslu řízeného krajskými a okresními národními výbory  |b realizační výstup č. 1. SPEV 902 311 301/02  |c Jindra Vavříková, Květoslav Chrbjat, Radúz Gregor 
250 |a 1. vyd. 
264 1 |a Ostrava  |b Výzkumný ústav rozv. obl. a měst  |c 1986 
300 |a 42 s. 
490 1 |a Zdokonalování řízení oblastí v ČSR 
830 0 |a Zdokonalování řízení oblastí v ČSR 
100 1 |a Vavříková, Jindra 
700 1 |a Chrbjat, Květoslav 
700 1 |a Gregor, Radúz